| 000 | 00360nam a2200133Ia 4500 | ||
|---|---|---|---|
| 008 | 240719s9999 xx 000 0 und d | ||
| 041 | _aeng | ||
| 082 | _a823 MEN | ||
| 100 | _aMenon, Ramesh | ||
| 245 | _aSiva: The Siva Purana Retold | ||
| 260 |
_aNew Delhi _bRupa & Company _c2010 |
||
| 300 | _a324;. P. 23. Cm | ||
| 520 | _aGifted By : IMT Faculty Dr.Pawan sir | ||
| 999 |
_c41325 _d41325 |
||